Women in the Modern Age (Record no. 224073)

MARC details
000 -LEADER
fixed length control field 00587nam a22002057a 4500
005 - DATE AND TIME OF LATEST TRANSACTION
control field 20220721145126.0
008 - FIXED-LENGTH DATA ELEMENTS--GENERAL INFORMATION
fixed length control field 220721b ||||| |||| 00| 0 eng d
040 ## - CATALOGING SOURCE
Transcribing agency AL
041 ## - LANGUAGE CODE
Language code of text/sound track or separate title English
082 ## - DEWEY DECIMAL CLASSIFICATION NUMBER
Edition number 23
Classification number 294.5
Item number RANW
100 ## - MAIN ENTRY--PERSONAL NAME
Personal name Swami Ranganathananda
100 ## - MAIN ENTRY--PERSONAL NAME
9 (RLIN) 52306
245 ## - TITLE STATEMENT
Title Women in the Modern Age
260 ## - PUBLICATION, DISTRIBUTION, ETC.
Place of publication, distribution, etc. Mumbai
Name of publisher, distributor, etc. Bharatiya Vidya Bhavan
Date of publication, distribution, etc. 1997
300 ## - PHYSICAL DESCRIPTION
Extent 38 p.
Other physical details PB
Dimensions 21.5x14 cm.
440 ## - SERIES STATEMENT/ADDED ENTRY--TITLE
Title Bhavans Eternal Values Booklets Series 9
9 (RLIN) 52307
650 ## - SUBJECT ADDED ENTRY--TOPICAL TERM
Topical term or geographic name entry element Women
9 (RLIN) 52308
650 ## - SUBJECT ADDED ENTRY--TOPICAL TERM
Topical term or geographic name entry element Feminism
9 (RLIN) 52309
700 ## - ADDED ENTRY--PERSONAL NAME
Personal name RANGANATHANANDA (Swami)
9 (RLIN) 52310
942 ## - ADDED ENTRY ELEMENTS (KOHA)
Source of classification or shelving scheme Dewey Decimal Classification
Koha item type George Fernandes Collections
Holdings
Withdrawn status Lost status Source of classification or shelving scheme Damaged status Not for loan Collection code Home library Current library Date acquired Total Checkouts Full call number Barcode Date last seen Price effective from Koha item type
    Dewey Decimal Classification     Sociology St Aloysius Library St Aloysius Library 03/23/2013   294.5 RANW GF01266 07/21/2022 07/21/2022 George Fernandes Collections